logo

Bir Sreshtho Munshi Abdur Rouf Library
Jhenaidah Cadet College

দ্য অ্যাডভেঞ্চার্স অব শার্লক হোমস / (Record no. 13562)

MARC details
000 -LEADER
fixed length control field 00977nam a2200241 a 4500
001 - CONTROL NUMBER
JCCL Control Number 13562
003 - CONTROL NUMBER IDENTIFIER
JCCL marc code BD-JhCC
005 - DATE AND TIME OF LATEST TRANSACTION
control field 20240201140637.0
008 - FIXED-LENGTH DATA ELEMENTS--GENERAL INFORMATION
fixed length control field 240201b2018 b a|||| ||a| 000 0 b d
020 ## - INTERNATIONAL STANDARD BOOK NUMBER
International Standard Book Number 9789849361732
035 ## - SYSTEM CONTROL NUMBER
system control number (BD-JhCC)13562
040 ## - CATALOGING SOURCE
Original cataloging agency BD-JhCC
Modifying agency BD-JhCC
041 ## - LANGUAGE CODE
Language code of Book Bengali
082 ## - DEWEY DECIMAL CLASSIFICATION NUMBER
Classification number 813.6
Author mark and Year DOY 208
100 ## - MAIN ENTRY--PERSONAL NAME
Personal name ডয়েল,স্যার আর্থার কোনান
245 ## - TITLE STATEMENT
Title দ্য অ্যাডভেঞ্চার্স অব শার্লক হোমস /
Statement of responsibility, etc স্যার আর্থার কোনান ডয়েল,অনু: সেলিম আখতার।
260 ## - PUBLICATION, DISTRIBUTION, ETC. (IMPRINT)
Place of publication, distribution, etc ঢাকা:
Name of publisher, distributor, etc গ্রন্থরাজ্য;
Date of publication, distribution, etc 2018.
300 ## - PHYSICAL DESCRIPTION
Pagination 174 p. :
Other physical details ill;
Dimensions 22 cn.
650 ## - SUBJECT ADDED ENTRY--TOPICAL TERM
Topical term or geographic name as entry element Holmes, Sherlock
Form subdivision Children's stories, English
General subdivision Detective and mystery stories, English
Geographic subdivision Watson, John H. (Fictitious character)
700 ## - ADDED ENTRY--PERSONAL NAME
Personal name আখতার,সেলিম
942 ## - ADDED ENTRY ELEMENTS (KOHA)
Source of classification or shelving scheme Dewey Decimal Classification
Koha item type Books
Holdings
Source of classification or shelving scheme Damaged status Not for loan Home library Current library Shelving location Date of accession Cost, normal purchase price Total Checkouts Full call number Barcode Date last seen Date checked out Copy number Method of acquisition Koha item type Currency
Dewey Decimal Classification     JCC Rouf Library JCC Rouf Library General Stacks   275.00 6 813.6 DOY 208 17828 01/18/2026 11/20/2025 C-1 Purchase Books BDT

JCC Library | Contacts | JCC Home

Last Update on 23 September 2017
Copyright @ 2017-2020 JCC Rouf Library
Rouf Library, Jhenidah Cadet College (JCC), Bangladesh